000 01202cam a22002531i 4500
003 OSt
005 20260210130139.0
008 260208s2015 su f a f000 0 ara c
040 _aSA-JeALM
_bara
_cSA-RiAUC
_erda
043 _aa-su---
082 0 4 _a252.50202
_qSA-RiAUC
090 _a252.50202
_bم ل ت
111 2 _aالملتقى العلمي لأبحاث الحج
_cمكة المكرمة، السعودية)
_d16-15 صفر 1427 الموافق 15-16مارس 2006 :
_n(6 :
245 1 0 _aملخصات الأبحاث للملتقى العلمي السادس لأبحاث الحج /
_cمعهد خادم الحرمين الشريفين لأبحاث الحج، جامعة أم القرى.
264 1 _aمكة المكرمة :
_bجامعة أم القرى، معهد خادم الحرمين الشريفين لأبحاث الحج،
_c2006
300 _a63 صفحة ؛
_c24 سم
336 _aنص
_btxt
_2rdacontent
_3كتاب
337 _aبدون وسيط
_bn
_2rdamedia
650 7 _aالحج (فقه إسلامي)
_vمؤتمرات
_2aucsh
650 7 _aالحج
_xبحوث
_2aucsh
650 7 _aالحج
_vمستخلصات
_2aucsh
942 _2ddc
_cBOOK
_n0
949 _aSA-JeALM
_d260208
_uosman123
_n1
999 _c14280
_d14280